Written Testimony of the Staff of the Joint Committee on Taxation Regarding President Clinton's Tax Proposals for D.C /

Bibliographic Details
Corporate Authors: ProQuest (Firm), United States. Congress. House. Committee on Government Reform and Oversight. Subcommittee on the District of Columbia
Format: eBook
Language:English
Published: Washington : U.S. G.P.O., 1997.
Series:U.S. Congressional Research.
Subjects:
Online Access:Connect to the full text of this electronic book

MARC

Tag First Indicator Second Indicator Subfields
LEADER 00000cam a22000001a 4500
001 in00003277321
006 m d f
007 cr bn mmmapmmp
008 101011s1997 dcu o f000 0 eng d
005 20260429193141.6
035 |a cis2007818640 
040 |a LexisNexis  |c LexisNexis  |d UtOrBLW 
043 |a n-us--- 
099 |a CMP-1997-GRO-0006 
245 0 0 |a Written Testimony of the Staff of the Joint Committee on Taxation Regarding President Clinton's Tax Proposals for D.C /  |c United States House Committee on Government Operations, Subcommittee on D.C, One Hundred Fifth Congress, first session. 
264 1 |a Washington :  |b U.S. G.P.O.,  |c 1997. 
300 |a 1 online resource. 
336 |a text  |b txt  |2 rdacontent 
337 |a computer  |b c  |2 rdamedia 
338 |a online resource  |b cr  |2 rdacarrier 
500 |a Record is based on bibliographic data in LexisNexis U.S. Congressional Research Digital Collection. Reuse except for individual research requires license from LexisNexis. 
500 |a Electronic resource. 
650 0 |a Income tax  |z Washington (D.C.) 
650 0 |a Tax incentives  |z Washington (D.C.) 
650 0 |a Fiscal policy  |z Washington (D.C.) 
655 7 |a Electronic books.  |2 local 
710 2 |a ProQuest (Firm) 
710 1 |a United States.  |b Congress.  |b House.  |b Committee on Government Reform and Oversight.  |b Subcommittee on the District of Columbia. 
776 0 8 |i Print version:   |t Written Testimony of the Staff of the Joint Committee on Taxation Regarding President Clinton's Tax Proposals for D.C. 
776 0 8 |i Microfiche version:   |t Written Testimony of the Staff of the Joint Committee on Taxation Regarding President Clinton's Tax Proposals for D.C.   |d [Bethesda, Md.] :LexisNexis Academic & Library Solutions,1997.   |o CIS 97 H402-5  |w (LexisNexis)cis09700477 
830 0 |a U.S. Congressional Research. 
856 4 0 |u http://proxy.library.tamu.edu/login?url=https://congressional.proquest.com/congcomp/getdoc?CRDC-ID=CMP-1997-GRO-0006  |z Connect to the full text of this electronic book  |t 0 
998 |a cis09700477 
999 |a MARS 
999 f f |s 07fc396e-4906-371c-89cf-6dcc758dd849  |i 22b9dff1-2695-34eb-b4a7-b7d7eaff1120  |t 0 
952 f f |a Texas A&M University  |b College Station  |c Electronic Resources  |s www_evans  |d Available Online  |t 0  |e CMP-1997-GRO-0006  |h Other scheme 
998 f f |a CMP-1997-GRO-0006  |t 0  |l Available Online